| 000 | 00548nam a22002057a 4500 | ||
|---|---|---|---|
| 003 | Nust | ||
| 005 | 20211119152100.0 | ||
| 008 | 170113b xxu||||| |||| 00| 0 eng d | ||
| 020 | _a9780070265097 | ||
| 038 | _aKhadija | ||
| 040 | _cc | ||
| 082 |
_a629.892 _bGRO |
||
| 100 |
_aGroover, Mikell P. _984640 |
||
| 245 |
_aIndustrial Robotics Technology, Programming, and Applications / _cMikell P. Groover |
||
| 260 |
_aNew Delhi: _bMcGraw-Hill; _c1986. |
||
| 300 |
_a546 p. ; _c22 cm. |
||
| 500 | _apaperback. | ||
| 563 | _aPB | ||
| 942 |
_cBK _2ddc |
||
| 999 |
_c31988 _d31988 |
||